00870nam a2200241 a 450000100060000000300080000600500170001400800410003103500190007204000320009104100130012308200240013610000270016024500910018726000660027830000320034450400370037665000260041365000240043994200120046399900170047595201360049243052BD-RjUL20211209053635.0160619s19641962enka b 001 0 eng  a(BD-RjUL)43170 aDLCcDLCdUKMdBD-RjULbeng1 aenghfre a511.5223bBET 19641 aBerge, Claude.913220614aThe theory of graphs and its applications /cClaude Berge ; translated by Alison Doig. aLondon :bMethuen,aNew York :bWiley,cc1962, [reprint 1964] ax, 247 p. :bill. ;c22 cm. aIncludes bibliography and index. 0aGraph theory.9119357 0aSet theory.9132207 2ddccBK c43052d43052 00102ddc40708NFICaRUCLbRUCLcStackd1970-07-04eBook viewg35.00l0o511.5 BET 1964r2016-06-19 00:00:00tC-2w2021-12-09yBK